Japonais Vocab Kanji Aléatoire - Statistiques

Statistiques générales
  • Ce quiz a été pris 177 fois
  • Le résultat moyen est 15 sur 50
Statistiques - réponses
Hint Réponse % Correct
と(particule) avec (qlq1) / et
91%
たくさん Beaucoup / grand nombre
87%
あめ / pluie
86%
やさし gentil (personne) / facile (problème)
83%
聞く きく / demander / entendre
80%
もしもし Allo ?
75%
くに / pays
74%
大きい おおきい / grand
72%
楽しい たのしい / amusant
71%
小さい ちいさい / petit
71%
好き すき / aimer / apprécier
67%
今月 こんげつ / ce mois / ce mois-ci
67%
二人 ふたり / deux personnes
67%
新しい あたらしい / Nouveau
67%
一人 ひとり / une personne
67%
古い ふるい / Vieux / ancien (seulement les objets)
67%
今週 こんしゅう / Cette semaine
64%
旅行 りょこう / Voyage
64%
大好き だいすき / adorer / être très attacher à
63%
食べる たべる / Manger
63%
出かける でかける / sortir
61%
むずかし difficile
60%
うみ / Mer
60%
思う おもう / penser
60%
大丈夫 だいじょぶ / ça va / tout va bien / tkt
58%
休む やすむ / se reposer / être absent de
58%
お寺 おてら / temple
57%
歌う うたう / chanter
56%
開ける あける / ouvrir
56%
あに / grand frère
54%
来月 らいげつ / le mois prochain
54%
何も なにも / rien
54%
お金 おかね / argent
53%
切る きる / couper
53%
子供 こども / enfant
53%
勉強 べんきょう / étudier
53%
ねこ / chat
50%
入る はいる / entrer
50%
タバコを吸う タバコをすう / fumer
50%
乗る のる / monter / embarquer
50%
安い やすい / pas cher / peu couteux / bon marché
50%
毎週 まいしゅう / toutes les semaine
50%
とても très
50%
寒い さむい / Froid (météo)
47%
来週 らいしゅう / La semaine prochaine
46%
ごめなさい pardon / désoler / excuse-moi
45%
バス停 ばすてい / Arret de bus
44%
来年 らいねん / L'année prochaine
44%
知りません しりません / je ne sais pas / je sais pas
43%
長い ながい / long
43%
かっこいい beau / cool
42%
うた / chanson
42%
一緒に いっしょに / ensemble
42%
下手 へた / maladroit / pas doué / abruti
42%
あね / grande soeur
41%
ページ page
41%
電気 でんき / électricité
40%
上手 じょうず / habile / doué
40%
ふゆ / hiver
40%
立つ たつ / se lever / se mettre debout
40%
電車 でんしゃ / Train
40%
知る しる / connaitre / savoir
39%
まち / Ville
39%
本当ですか ほんとうですか / vraiment ?
39%
明後日 あさって / après demain
38%
もちろん bien sur
38%
昨日 きのう / Hier
38%
漢字 かんじ / kanji
38%
ゆき / neige
38%
一人で ひとりで / seul
38%
早い はやい / tôt
38%
使う つかう / utiliser
38%
今朝 けさ / ce matin
36%
閉める しめる / fermer
36%
忘れる わすれる / oublier / laisser derriere soi
36%
雨・雪が降る あめ・ゆきがふる / pleuvoir / neiger
36%
言う いう / dire
35%
手伝う てつだう / aider
33%
どう comment
33%
忙しい いそがしい / occupé (personne;journée)
33%
いもうと / petite soeur
33%
おとうと / petit frère
33%
ご飯 ごはん / Riz / Repas
32%
結婚する けっこんする / se marier
32%
いい Bien
31%
暑い あつい / Chaud (météo)
31%
熱い あつい / Chaud (objet)
31%
時々 ときどき / parfois
31%
頭がいい あたまがいい / intelligent / brillant / malin
30%
ぼく/ Je (homme)
30%
それから puis
30%
よる / nuit
29%
持つ もつ / porter / tenir
29%
どうちて pourquoi ?
29%
速い はやい / rapide
29%
返す かえす / rendre
29%
有名 ゆうめい / célebre
28%
会社 かいしゃ / entreprise
28%
本屋 ほにゃ / Librairie
28%
食堂 しょくどう / cafétéria / réfectoire / cantine
27%
洗う あらう / laver
27%
仕事 しごと / travail / emploi / profession
27%
お風呂 おふろ / bain / le bain
26%
起きる おきる / Se reveiller
26%
つまらない ennuyeux
25%
まど / fenêtre
25%
背が低い せはひくい / petit (taille)
25%
始める はじめる / commencer
24%
大変 たいへん / difficile (situation)
24%
住む すむ / habiter
24%
便利 べんり / pratique
24%
元気 げんき / sain / énergique
24%
座る すわる / s'assoir
24%
短い みじかい / court
23%
遊ぶ あそぶ / jouer / passer le temps agréablement
23%
ところ / lieu
23%
公園 こうえん / Parc
23%
急ぐ いそぐ / se dépêcher
23%
すぐ tout de suite
23%
果物 くだもの / fruit
22%
死ぬ しぬ / mourrir
22%
眼鏡をかける めがねをかける / porter des lunettes
22%
にぎやか animé (adjectif)
21%
いる avoir besoin
21%
背が高い せがたかい / grand (taille)
21%
面白い おもしろい / interessant / drole
21%
後で あとで / plus tard
21%
残念 ざんねん / c'est dommage / dommage / zut
20%
ぐらい environ (mesure)
20%
家族 かぞく/ famile
20%
着る きる / habiller (au dessus de la taille) / mettre
20%
まだ。。。 pas encore
20%
写真 しゃしん / Photo
20%
作る つくる / préparer
20%
荷物 にもつ / bagage
19%
やる faire / réaliser
19%
泳ぐ およぐ / nager
19%
部屋 へや / Chambre / pièce
18%
料理する りょうりする / cuisiner
18%
大嫌い だいきらい / détester
18%
借りる かりる / emprunter
18%
洗濯する せんたくする / faire la lessive
18%
病院 びょういん / Hospital
18%
シャワーを浴びる シャワーをあびる / Prendre une douche
18%
遅く おそく / en retard
17%
嫌い きらい / etre dégouter / ne pas aimer
17%
知っています しっています / je sais
17%
お風呂に入る おふろにはいる / prendre un bain
17%
働く はたらく / travailler
17%
だから donc / par conséquent
15%
教える おしえる / enseigner / apprendre
15%
遅くなる おそくなる / être en retard / en retard
15%
捨てる すてる / jeter
15%
誕生日 たんじょうび / Anniversaire
14%
持ってくる もってくる / apporter
14%
かみ / cheveux
14%
。。。度 ど / degré
14%
運転する うんてんする / conduire
13%
なつ / été
13%
兄弟 きょうだい / frères et soeurs
13%
掃除する そうじする / nettoyer
13%
静か しずか / calme
11%
別に べつに / c'est rien / rien en particulier
11%
みんなで tous ensemble
11%
寝る ねる / Dormir
9%
。。。について a propos de
8%
降りる おりる / descendre
8%
晴れ はれ / ensoleillé / temps ensoleillé
8%
消す けす / éteindre
8%
はく mettre (des vêtements en dessous de la taille)
8%
太る ふとる / prendre du poids
8%
撮る とる / Prendre (une photo)
8%
太っています ふっています / etre gros / etre en surpoids
7%
痩せています 痩せています / être mince / maigre
7%
会社員 かいしゃいん / L'employé de bureau
7%
教科書 きょうかしょ / Manuel
7%
かぶる mettre (un chapeau)
7%
つぎ / suivant
7%
つける allumer
6%
連れてくる つれてくる / amener (quelqu'un)
6%
つくえ / Bureau
6%
結構です けっこうです / ça ira / C'est pas nécessaire
6%
ひま / disponible / libre (temps)
6%
気温 きおん / température météo
6%
痩せる やせる / perdre du poids
5%
とんな quel genre de...
4%
きれい beau : propre
0%
持っていく もっていく / emporter
0%
すごく extrêmement
0%
大抵 たいてい / Généralement
0%
親切 しんせつ / gentil
0%
ゆっくり lentement, tranquillement, sans se presser
0%
眼鏡 めがね / lunettes
0%
怖い こわい / mignon
0%
曇り くもり / nuageux / temps nuageux
0%
あまり pas beacoup
0%
天気予報 てんきよほう / prévisions météo
0%
乾杯 かんぱい / santé / à la votre
0%
よかったれ si cela vous dit
0%
お土産 お土産 / Souvenir
0%
Aucun quiz correspondant
Distribution des résultats
% des personnes avec chaque résultat
Percentile par nombre de réponses
Votre historique - résultats
Vous n’avez pas pris ce quiz